Estado financiero y sus notas Gua̕ para su preparacin̤ /

Bibliographic Details
Main Author: Tejero Gonzl̀ez, Jess︢ Alberto
Corporate Author: Instituto Mexicano de Contadores Pb︢licos
Format: eBook
Language:Spanish
Published: [Mx̌ico] : Instituto Mexicano de Contadores Pb︢licos, 2010.
Subjects:
Online Access:Acceso restringido

MARC

LEADER 00000nam a22000007a 4500
005 20110902143839.0
008 110902t2010 mx ||||s|||| 00| 0 spa d
020 |a 978-607-7620-33-4  
035 |a 5611 
040 |a vLex 
090 |c 2360  |d 2360 
100 1 |a Tejero Gonzl̀ez, Jess︢ Alberto 
245 1 0 |a Estado financiero y sus notas  |h [Recurso electrn̤ico] :  |b Gua̕ para su preparacin̤ /  |c Jess︢ Alberto Tejero Gonzl̀ez, Óscar Mendoza Escalante  
256 |a Servicio en ln̕ea. 
260 |a [Mx̌ico] :  |b Instituto Mexicano de Contadores Pb︢licos,  |c 2010. 
300 |a 1 recurso electrn̤ico 
500 |a Esta obra est ̀dirigida a los preparadores de estados financieros, auditores, estudiantes y maestros, como una gua̕ para facilitar la preparacin̤ de los mismos.  
506 1 |a Contenido solo disponible en los productos indicados  |d vLex Global  |d vLex Global (Academic Edition, excluding Law Schools)  |d vLex Global (U.S. Academic Edition, Law Schools)  |d vLex Global (U.S. Academic Edition, excluding Law Schools)  |d vLex Global (Academic Edition, Law Schools) 
650 0 4 |a Derecho tributario  |z Mx̌ico 
710 2 |a Instituto Mexicano de Contadores Pb︢licos 
740 0 |a vLex Libros (Servicio en ln̕ea) 
856 4 0 |u http://vlex.com/source/estado-financiero-guia-preparacion-5611  |z Acceso restringido 
942 |c BOOK